| 000 | 00450nam a2200157 i 4500 | ||
|---|---|---|---|
| 001 | 31211 | ||
| 003 | ES-MaACL | ||
| 005 | 20230906154334.0 | ||
| 007 | t| | ||
| 008 | 030128s1927 gw ||||1| ger d | ||
| 100 | 1 |
_aBehn, Siegfried. _927056 |
|
| 245 | 1 | 0 |
_aSein und sollem eine metaphysische begründung der ethik / _cvon Siegfried Behn. |
| 260 |
_aBerlin : _bDummler, _c1927. |
||
| 300 |
_a320 p. ; _c24 cm. |
||
| 852 |
_aES-MaACL _jF-15259 _bR.18946 |
||
| 999 |
_c31211 _d31211 |
||